Obscure towns and cities III - Statistics

General Stats
  • This quiz has been taken 21 times
  • The average score is 8 of 20
Answer Stats
City/Town Country % Correct
Changchun China
81%
Tabriz Iran
75%
Feldkirch Austria
69%
Voronezh Russia
69%
Makassar Indonesia
63%
Mbuji-Mayi DR Congo
50%
Sendai Japan
50%
Kuching Malaysia
50%
Dire Dawa Ethiopia
44%
Enugu Nigeria
44%
Chiclayo Peru
44%
Al Ain UAE
44%
Capdenac France
31%
Ko Lan Thailand
31%
Erdenet Mongolia
25%
Buġibba Malta
19%
Almancil Portugal
13%
Platja d'Aro Spain
13%
Tabernacle St Kitts and Nevis
13%
Escuintla Guatemala
6%
No matching quizzes found
Score Distribution
Percent of People with Each Score
Percentile by Number Answered
Your Score History
You have not taken this quiz